Word Ladder: Miami Basketball Quiz Stats

Quiz Updated Feb 8, 2015

Challenge
Share
Tweet
Embed
Score 0/26 Timer 03:00
0 Plays Today
Clue 4-Letter Word % Correct
Not on timeLATE
94.7%
Miami basketball teamHEAT
93.7%
The final oneLAST
93.1%
Money for your apartmentRENT
92.9%
Win a fightBEAT
92.7%
Prequel to a plantSEED
90.8%
Give a meal toFEED
90.1%
Wintery motorless vehicleSLED
88.6%
A big partyBASH
87.2%
Take a napREST
87%
Hit with a whipLASH
86.3%
For fear thatLEST
85.1%
Chopped cabbage saladSLAW
84.9%
Clue 4-Letter Word % Correct
AngledBENT
84.3%
TubBATH
83.3%
Repel or ward offFEND
83.1%
Did away with a dragonSLEW
82.1%
Tear in twoREND
82%
Chris: Miami (2010-Present)BOSH
79.7%
Playwright who wrote PygmalionSHAW
79.7%
Plaster supporterLATH
78.9%
Restrain or reduce the force ofBATE
78.9%
O'Neal: Miami (2004-08)SHAQ
78.7%
Batman villainBANE
77.6%
This and thatBOTH
75.9%
Nota ___BENE
75.3%

Today's Daily Dose

You're not logged in!

Compare scores with friends on all Sporcle quizzes.
Sign Up with Email
OR
Log In

You Might Also Like...

Show Comments

Extras

Top Quizzes Today


Score Distribution

Your Account Isn't Verified!

In order to create a playlist on Sporcle, you need to verify the email address you used during registration. Go to your Sporcle Settings to finish the process.